Welcome to the Holygrace Academy Library

Please use search bar below to get started

ORU KATHA PARAYU (Record no. 1558)

MARC details
000 -LEADER
fixed length control field 00280nam a22001217a 4500
082 ## - DEWEY DECIMAL CLASSIFICATION NUMBER
Classification number 894.812.3
Item number CHI/O
100 ## - MAIN ENTRY--AUTHOR NAME
Personal name ORU KATHA PARAYU
245 ## - TITLE STATEMENT
Title ORU KATHA PARAYU
260 ## - PUBLICATION, DISTRIBUTION, ETC. (IMPRINT)
Place of publication ERANAKULAM
Name of publisher CHINMAYA
Year of publication 2001
300 ## - PHYSICAL DESCRIPTION
Number of Pages 125
650 ## - SUBJECT ADDED ENTRY--TOPICAL TERM
Topical Term MALAYALAM SHORT STORY
Geographic subdivision KERALA
942 ## - ADDED ENTRY ELEMENTS (KOHA)
Koha item type Books
Holdings
Withdrawn status Lost status Collection code Home library Current library Shelving location Date acquired Source of acquisition Cost, normal purchase price Full call number Accession Number Koha item type
    Fiction Main Library Main Library SHELF-6D- MALAYALAM SHORT STORIES 14/05/2009 PURCHASE 30.00 894.812.3 CHI/O 01960 Books